| 000 | 00470nam a22001577a 4500 | ||
|---|---|---|---|
| 005 | 20251108170839.0 | ||
| 008 | 250721s1998 xx 000 0 ara d | ||
| 082 | 1 | 4 | _a519.5/فتح |
| 100 | 1 | _aفتح الله، سعد حسين | |
| 245 | 1 | 0 | _aمبادئ علم الإحصاء و الطرق الإحصائية / |
| 264 | 1 |
_aعمان : _bالاكاديمية للنشر، _c1998. |
|
| 300 | _a367ص | ||
| 650 | 1 | 7 | _aالإحصاء |
| 942 |
_2ddc _cBK |
||
| 999 |
_c50411 _d50411 |
||